000
00177nam a22000857a 4500
082
_a
894.812
100
_a
RANGANADHAN, N
245
_a
AYUDHATHININNU LOKATHE RAKSHIKUKA
942
_c
BK
999
_c
8079
_d
8079